Fenomenologia della percezione / (Record n. 360392)

Dettagli MARC
000 -LEADER
fixed length control field 02570nam a2200361 i 4500
001 - CONTROL NUMBER
control field 000000197314
003 - CONTROL NUMBER IDENTIFIER
control field IT-MiSPE
005 - DATE AND TIME OF LATEST TRANSACTION
control field 20250223120144.0
006 - FIXED-LENGTH DATA ELEMENTS--ADDITIONAL MATERIAL CHARACTERISTICS--GENERAL INFORMATION
fixed length control field m o d
007 - PHYSICAL DESCRIPTION FIXED FIELD--GENERAL INFORMATION
fixed length control field c a aa
008 - FIXED-LENGTH DATA ELEMENTS--GENERAL INFORMATION
fixed length control field 220621s2003 it |||||o||d| ita d
020 ## - INTERNATIONAL STANDARD BOOK NUMBER
International Standard Book Number 9788845253560
040 ## - CATALOGING SOURCE
Original cataloging agency IT-MiSPE
Language of cataloging ita
Transcribing agency IT-MiSPE
Description conventions rda
Modifying agency IT-MiSPE
082 04 - DEWEY DECIMAL CLASSIFICATION NUMBER
Classification number 142.7-MER ma fe (ppv 23347)
Edition number 19
100 1# - MAIN ENTRY--PERSONAL NAME
Personal name Merleau-Ponty, Maurice,
Dates associated with a name 1908-1961
Relator term autore
Relator code aut
9 (RLIN) 53047
240 10 - UNIFORM TITLE
Uniform title Phéoméologie de la perception.
Language of a work Italiano
245 10 - TITLE STATEMENT
Title Fenomenologia della percezione /
Statement of responsibility, etc. Maurice Merleau-Ponty ; traduzione di Andrea Bonomi.
264 #1 -
Place of production, publication, distribution, manufacture Milano :
Name of producer, publisher, distributor, manufacturer Bompiani / Giunti,
Date of production, publication, distribution, manufacture, or copyright notice 2011.
300 ## - PHYSICAL DESCRIPTION
Extent 588 pagine.
Dimensions 21 cm
336 ## -
Content type term testo
Content type code txt
Source rdacontent
337 ## -
Media type term elettronico
Media type code c
Source rdamedia
338 ## -
Carrier type term risorsa online
Carrier type code cr
Source rdacarrier
347 ## -
File type file di testo
Encoding format PDF
Source rda
490 1# - SERIES STATEMENT
Series statement Studi Bompiani
504 ## - BIBLIOGRAPHY, ETC. NOTE
Bibliography, etc Bibliografia.
520 ## - SUMMARY, ETC.
Summary, etc. Questo libro del 1945, dal 2003 riproposto da Bompiani al pubblico italiano, ha acquistato negli anni un rilievo teorico sempre maggiore al punto di essere oggi considerato tra i grandi classici della filosofia del Novecento.<br/>Qui la fenomenologia di Husserl si congeda da ogni equivoco idealistico e diventa sapere del concreto mondo della vita, un sapere tutto centrato attorno a quell'enigma che è il nostro corpo. La percezione investe nella sua globalità il soggetto-corpo che noi siamo, intreccia l'interno e l'esterno in un'ambivalenza irrisolvibile che non permette più nessuna frontiera rigida e annulla ogni dualismo di sapore cartesiano.<br/>Quando il libro uscì attrasse soprattutto per le affinità con i motivi dell'esistenzialismo. Quando venne tradotto negli anni Sessanta Enzo Paci ne fece il manifesto della fenomenologia concreta.<br/>Oggi esso è un crocevia inevitabile sia per i filosofi dell'esperienza sia per gli scienziati della percezione. Corpo, intersoggettività e una nuova idea di soggetto sono i concetti di Merleau-Ponty da cui la filosofia non può tornare indietro. D'altronde lo scavalcamento di ogni dualismo tra scienze della natura e scienze dello spirito, nutrito da una miriade di descrizioni puntuali, fa di questo libro anche la base indiscussa di gran parte del lavoro sperimentale sulla percezione.
630 ## - SUBJECT ADDED ENTRY--UNIFORM TITLE
Uniform title Filosofia
Form subdivision Fenomenologia
Geographic subdivision Filosofia francese
9 (RLIN) 61660
776 08 - ADDITIONAL PHYSICAL FORM ENTRY
Relationship information Testo a stampa:
Title Fenomenologia della percezione
Record control number 105501
830 #0 - SERIES ADDED ENTRY--UNIFORM TITLE
Uniform title Studi Bompiani.
9 (RLIN) 61661
856 ## - ELECTRONIC LOCATION AND ACCESS
Materials specified Risorsa digitale
Uniform Resource Identifier <a href="https://digilib2.pusc.it/197314/378083">https://digilib2.pusc.it/197314/378083</a>
942 ## - ADDED ENTRY ELEMENTS (KOHA)
Koha item type LIBRO
Dati di copia
Withdrawn status Lost status Source of classification or shelving scheme Damaged status Not for loan Home library Current library Date acquired Total Checkouts Full call number Barcode Date last seen Price effective from Koha item type
    Dewey Decimal Classification Buone Condizioni Not For Loan CINISELLO CINISELLO 23/02/2025   142.7-MER ma fe (ppv 23347) 9788845253560 23/02/2025 23/02/2025 LIBRO
CREDITS: SOCIETA' SAN PAOLO Via A.Severo, 58 - ROMA (RM) & PERIODICI SAN PAOLO SRL Via Giotto, 36 MILANO & CISF Via Giotto, 36 MILANO & EDIZIONI SAN PAOLO SRL,  Piazza Soncino, 5 CINISELLO BALSAMO (MI) -- ITALY